| 000 | 00964nam a22003257a 4500 | ||
|---|---|---|---|
| 005 | 20260428170039.0 | ||
| 008 | 181102b2017 xxu||||| |||| 00| 0 spa d | ||
| 020 | _a9788490774809 | ||
| 041 | _aESP | ||
| 082 | _a617.692 F954L | ||
| 100 |
_aFuertes Dopico, Eva María _950372 |
||
| 245 | _aLaboratorio de prótesis dentales | ||
| 260 | _aEspaña | ||
| 260 | _bEditorial Síntesis | ||
| 260 | _c2017 | ||
| 300 | _a182 páginas | ||
| 490 | _aMecánica Dental | ||
| 505 | _aContiene ejercicios de autoevaluación | ||
| 650 | _aPRÓTESIS DENTALES | ||
| 650 | _aSEGURIDAD DEL LABORATORIO | ||
| 650 | _aALMACENES SANITARIOS | ||
| 650 | _aACONDICIONAMIENTO DE PRODUCTOS SANITARIOS | ||
| 650 | _aSISTEMAS INFORMÁTICOS DE GESTIÓN | ||
| 650 | _aDOCUMENTACIÓN COMERCIAL | ||
| 650 | _aSISTEMA DE CALIDAD | ||
| 650 | _aPROCEDIMIENTOS NORMALIZADOS | ||
| 650 | _aELABORACIÓN DE PRÓTESIS | ||
| 650 | _aCONTROL DE CALIDAD | ||
| 942 |
_cBK _2ddc |
||
| 999 |
_c11286 _d11286 |
||